Normal view
MARC view
- FRIEDEL, DAVID
Entry Personal Name
001 - CONTROL NUMBER
- control field: 55392
003 - CONTROL NUMBER IDENTIFIER
- control field: NUST
005 - DATE AND TIME OF LATEST TRANSACTION
- control field: 20210617115756.0
008 - FIXED-LENGTH DATA ELEMENTS
- fixed length control field: 210617|| aca||aabn | a|a d
040 ## - CATALOGING SOURCE
- Original cataloging agency: NUST
- Transcribing agency: NUST
100 ## - HEADING--PERSONAL NAME
- Personal name: FRIEDEL, DAVID
670 ## - SOURCE DATA FOUND
- Source citation: Work cat.: (NUST): FRIEDEL, DAVID., 3D STUDIO MAX /, 1996.
